000 01047nam a2200277 i 4500
003 CSPC
005 20251203093300.0
008 251202s2021 ph a b 000 0 eng d
020 _a9786218179646
040 _aCSPC
_beng
_cCSPC
_erda
050 0 4 _aTP370
_b.J373 2021
082 0 4 _a664
_bJ28f
100 1 _aJaravata, Jamille,
_eauthor.
245 1 0 _aFood processing /
_cJamille Jaravata.
264 1 _aManila :
_bEdric Publishing House,
_c2021.
300 _a81 pages :
_billustrations ;
_c25 cm.
336 _2rdacontent
_atext
337 _2rdamedia
_aunmediated
338 _2rdacarrier
_avolume
504 _aIncludes bibliographical references.
505 0 _aWhat is food processing? -- Freezing -- Blanching and Pasteurization -- Cooking and Canning -- Drying -- Curing -- Smoking -- Pickling -- Packaging -- Packaging Materials.
650 0 _aFood industry and trade.
650 0 _aFood.
942 _2ddc
_n0
_cBK
_h664
_iJ28f
_kFIL
_m2021
999 _c31003
_d31003